02942nam a2200277 a 4500003000500000005001700005007001500022008004100037035001100078040000900089100003400098245018400132264004100316300006000357336002700417337002900444338004000473502003300513520193100546650002402477650002502501650002102526650001602547700004802563856005302611CHAP20241129133530.0cr ||||||a|c|a110118s2010 mx r 00010 spa d a111934 cCHAP1 aLicea Morales, Pablo Jesús.10aEvaluación de la producción de cebada bajo siembra directa en un vertisol del Estado de Guanajuatoc/por Pablo Jesús Licea Morales; director de tesis Aurelio Báez Pérez. 1aChapingo, Méx. :bEl autor,c2010. a1 recurso en línea (76 páginas):bcuadros, figuras. 2rdacontentatextobtxt 2rdamediaacomputadorabc 2rdacarrierarecursos en líneabcr bIAEFcFitotecniad2010.gLIC aEn la actualidad la rentabilidad en la producción de granos en El Bajío ha sido impactada por el alza de precio de los fertilizantes químicos y otros insumos agrícolas, por el deterioro del suelo y por el abatimiento de los mantos freáticos. Debido a lo anterior es necesario implementar prácticas agronómicas que conduzcan a revertir la problemática entes mencionada. Con este propósito se estableció un experimento en el Campo Experimental Bajío, en Celaya, Guanajuato, para evaluar la producción de cebada (Hordeum vulgare L.) bajo diversas de prácticas agronómicas con base en la siembra directa (SD). Previo al experimento, se estableció en primavera-verano de 2002 un cultivar de maíz (Zea mays L.) el fin de producir los residuos de cosecha necesarios para la implementación de la SD. Durante el ciclo otoño-invierno se evaluó la producción de cebada variedad. Esperanza, bajo dos sistemas de cultivo: labranza convencional (LC) y SD; tres dosis de fertilización nitrogenada (urea): 90-60-00, 180-60-00 y 270-60-00; y tres sistemas de riego: aspersión, superficial con flujo intermitente y superficial con flujo continuo. Se empleó un diseño experimental factorial 2x3x3 con 18 tratamientos. Se establecieron de cuatro a ocho repeticiones, con un arreglo en bloques al azar. Se monitoreó la humedad volumétrica (HV) en el suelo y la temperatura de 0-30 cm. La producción de grano de cebada fue cerca de 20% mayor en SD respecto a LC. Hubo efectos significativos (p<0.05) por los factores: tipo de siembra y dosis de fertilización, no así por el tipo de riego. Prevaleció una fuerte interacción (p<0.05) entre el tipo de siembra y la dosis de fertilización. En SD la HV, antes de aplicar cada riego, fue 5% mayor que en LC (p<0.05), lo que permitió un mejor aprovechamiento del fertilizante por el cultivo, que tuvo una mayor producción de grano en SD.14aCebadaxGuanajuato.14aCebadaxRendimiento.14aSiembra directa.14aVertisoles.1 aBáez Pérez, AurelioeDirector de tesis. uhttp://10.13.5.2/tesis/111934.pdfzDESCARGAR PDF